书目信息 |
| 题名: |
新型建筑绝热、吸声材料
|
|
| 作者: | 姜继圣 , 罗玉萍 , 兰翔 编著 | |
| 分册: | ||
| 出版信息: | 北京 化学工业出版社 2002.08 |
|
| 页数: | 391页 | |
| 开本: | 19cm | |
| 丛书名: | ||
| 单 册: | ||
| 中图分类: | TU55 | |
| 科图分类: | ||
| 主题词: | 建筑材料:隔热材料 | |
| 电子资源: | ||
| ISBN: | 7-5025-3907-7 | |
| 000 | 00706nam0 2200217 45 | |
| 001 | 0357391041 | |
| 005 | 2003041815563104 | |
| 010 | @a7-5025-3907-7@b压膜@dRMB 26.00 | |
| 100 | @a20030418d2002 km y0chiy0120 ea | |
| 101 | 0 | @achi |
| 102 | @aCN@b110000 | |
| 200 | 1 | @a新型建筑绝热、吸声材料@Axin xing jian zhu jue re、xi sheng cai liao@f姜继圣,罗玉萍,兰翔编著@Fjiang ji sheng,luo yu ping,lan xiang bian zhu |
| 210 | @a北京@c化学工业出版社@d2002.08 | |
| 215 | @a391页@d19cm | |
| 606 | 0 | @a建筑材料:隔热材料 |
| 690 | @aTU55@v4 | |
| 701 | 0 | @a姜继圣@Ajiang ji sheng@4编著 |
| 701 | 0 | @a罗玉萍@Aluo yu ping@4编著 |
| 701 | 0 | @a兰翔@Alan xiang@4编著 |
| 801 | 0 | @aCN@bPFT@c20030418 |
| 905 | @a10447@dTU55@eJ510 | |
| 新型建筑绝热、吸声材料/姜继圣,罗玉萍,兰翔编著.-北京:化学工业出版社,2002.08 |
| 391页;19cm |
| ISBN 7-5025-3907-7(压膜):RMB 26.00 |
| ● |
| 相关链接 |
|
|
|
正题名:新型建筑绝热、吸声材料
索取号:TU55/J510
 
预约/预借
| 序号 | 登录号 | 条形码 | 馆藏地/架位号 | 状态 | 备注 |
| 1 | 365870 | 203658700 | 建筑库201/201建筑库 9排2列3层/ [索取号:TU55/J510] | 在馆 | |
| 2 | 365871 | 203658719 | 建筑库201/201建筑库 9排2列3层/ [索取号:TU55/J510] | 在馆 |